Indebiti solutio ed arricchimento ingiustificato: modelli storici, tradizione romanística e problema attuali

Na minha lista:
Detalhes bibliográficos
Autor principal: Cortese, Barbara (Author)
Formato: Livro
Idioma:Língua italiana
Publicado em: Nápoles Jovene Editore 2013
Edição:2a. ed
Colecção:Centro di Eccellenza in Diritto Europeo Giovanni Pugliese, 15
Assuntos:
Tags: Adicionar Tag
Sem tags, seja o primeiro a adicionar uma tag!

MARC

LEADER 00000cam a2200000 a 4500
001 UCE5245
003 CL-VaPUC
008 141218e20130000it |||||||||||||||||ita|d
020 |a 9788824322409 
082 0 4 |a 346.4502  |b COR  |2 21 
100 0 |a Cortese, Barbara  |e author  |9 577782 
245 1 0 |a Indebiti solutio ed arricchimento ingiustificato: modelli storici, tradizione romanística e problema attuali 
250 |a 2a. ed 
300 |a 233 p 
942 |c BK 
945 |d 20141218 14:43:00  |a dcastane 
260 |a Nápoles  |b Jovene Editore  |c 2013 
650 0 |a Derecho civil  |9 255013 
650 0 |a Derecho civil italiano  |9 400952 
650 0 |a Enriquecimiento ilícito  |9 532688 
583 |a last modification  |c 20170608 11:40:17  |k Rodrigo Vera 
490 0 |a Centro di Eccellenza in Diritto Europeo Giovanni Pugliese, 15 
999 |c 358004  |d 358002 
952 |0 0  |1 0  |3 erb  |4 0  |6 346_450200000000000_COR_2013  |7 0  |8 DER_HIS  |9 466212  |a BIBDER  |b BIBDER  |i 5129966  |l 2  |m 1  |o 346.4502 COR 2013  |p 5129966  |r 2023-01-25  |s 2021-06-24  |w 2019-11-23  |x Ubicación 4to Piso  |y BK  |z Estos recursos deben solicitarse con anticipación  |k DER